00278nam a22000977a 4500008004100000020001500041082001900056245004500075260004600120300001400166230704b xxu||||| |||| 00| 0 eng d a0792310241 a341.bSCH 1991 aInternational Law in Theory and Practice aLondonbMartinus Nijhoff Publishersc1991 aVIII,431p